BASICS OF PUBLIC RELATIONS (Record no. 13214)

MARC details
000 -LEADER
fixed length control field 00334nam a22001457a 4500
003 - CONTROL NUMBER IDENTIFIER
control field SGT
020 ## - INTERNATIONAL STANDARD BOOK NUMBER
International Standard Book Number 978-8184573541
082 ## - DEWEY DECIMAL CLASSIFICATION NUMBER
Classification number 659.2
Item number B12S
100 ## - MAIN ENTRY--PERSONAL NAME
Personal name SINGH, MANSI
245 ## - TITLE STATEMENT
Title BASICS OF PUBLIC RELATIONS
260 ## - PUBLICATION, DISTRIBUTION, ETC. (IMPRINT)
Place of publication, distribution, etc NEW DELHI
Name of publisher, distributor, etc KANISHKA PUBLISHER
Year of Publication 2012
300 ## - PAGE DESCRIPTION
No. of Pages 302
650 ## - SUBJECT ADDED ENTRY--TOPICAL TERM
Topical term or geographic name as entry element MASS COMMUNICATION
942 ## - ADDED ENTRY ELEMENTS (KOHA)
Source of classification or shelving scheme Dewey Decimal Classification
Koha item type Books
Holdings
Withdrawn status Lost status Source of classification or shelving scheme Damaged status Not for loan Collection code Home library Current library Shelving location Date acquired Vendor Name Cost, normal purchase price SGTU Bill Number Total Checkouts Full call number Accession No. (Barcode) Date last seen Date last borrowed Bill Date Koha item type
    Dewey Decimal Classification     MASS COMMUNICATION SGT Science & Social Sciences Library SGT Science & Social Sciences Library Reference Book 09/09/2017 INDIAN PUBLISHER NEW DELHI 1450.00 SGTU 10 4 659.2 B12S MC553 23/04/2019 02/04/2019 29/04/2017 Books